000 02901nab a2200301 i 4500
003 BR-BrBNA
005 20250521110554.0
008 250521b2017 bl.qr|pooa||| 00| 0 por |
040 _aBR-BrBNA
_bpor
072 _aF70
100 _aPrado, Jefferson
100 _aHirai, Regina Y.
100 _aShimizu, Gustavo H.
100 _aCantuária, Patrick C.
245 _aA Sessão de Nomenclatura em Shenzhen (China) e as principais modificações no Código Internacional de Nomenclatura para Algas, Fungos e Plantas
500 _aPublicação on-line; 11 ref.; 1 illus.; Summaries (En, Pt)
520 _a Resumo Nesta nota científica estão sendo apresentadas e discutidas as principais modificações que serão introduzidas no Código de Shenzhen, que deverá ser publicado em 2018, aprovadas durante a Sessão de Nomenclatura do XIX Congresso Internacional de Botânica realizado na China, em julho de 2017. Dentre as modificações mais importantes destacam-se: a inclusão de uma Nota que esclarece lectotipificações inadvertidas, foi aprovado o conceito de registro de novos nomes de algas e plantas, a criação de um capítulo específico para as regras restritas aos fungos, modificações na Divisão III do Código com a inclusão dos procedimentos adotados durante a Sessão de Nomenclatura, inclusão do Apêndice I (Artigos que tratam de nomes de organismos híbridos) no corpo do Código, dentre outras. Palavras-chave: Artigos, lectotipificações inadvertidas, propostas, votos institucionais. Abstract In this short communication are being presented and discussed the main changes that will be implemented in the Shenzhen Code, that will be published in 2018, approved during the Nomenclature Section of the XIX International Botanical Congress held in China, in July 2017. Among the most important modifications are the inclusion of a Note that clarifies inadvertent lectotypifications, it was approved the concept of registration of new names of algae and plants, the creation of a specific chapter for the rules restricted to fungi, modifications in Division III of the Code with the inclusion of procedures adopted during the Nomenclature Section, inclusion of the Appendix I (Articles dealing with names of hybrid organisms) in the body of the Code, among others. Key words: Articles, inadvertent lectotypifications, proposals, institutional votes.
650 _aNOMENCLATURA
650 _aTAXONOMIA
650 _aALGA
650 _aFUNGO
650 _aPLANTA
650 _aCHINA
773 0 _0709
_9350397
_dRio de Janeiro-RJ Jardim Botanico do Rio de Janeiro 1935
_o2025-3016
_tRodriguésia (Brazil)
_x0370-6583; 2175-7860 on-line
_gv. 68(4) p. 1499-1503; (2017)
_wBR2025001207
856 _uhttps://www.scielo.br/j/rod/a/c9Y7zz8mXFZTHDywrMfRr8d/?format=pdf&lang=pt
942 _cANA
999 _c331633
_d331633